<?xml version="1.0" encoding="UTF-8"?>
<collection xmlns="http://www.loc.gov/MARC21/slim">
 <record>
  <leader>01369nam a22002057a 4500</leader>
  <controlfield tag="001">NCT_63381</controlfield>
  <controlfield tag="008">190418b        xxu||||| |||| 00| 0 vie d</controlfield>
  <datafield tag="999" ind1=" " ind2=" ">
   <subfield code="c">3066</subfield>
   <subfield code="d">3066</subfield>
  </datafield>
  <datafield tag="020" ind1=" " ind2=" ">
   <subfield code="a">9786048225094</subfield>
   <subfield code="c">235000</subfield>
  </datafield>
  <datafield tag="082" ind1="0" ind2="4">
   <subfield code="2">23rd ed.</subfield>
   <subfield code="a">627.0285</subfield>
   <subfield code="b">H556</subfield>
  </datafield>
  <datafield tag="100" ind1="1" ind2=" ">
   <subfield code="a">Vũ Hoàng Hưng</subfield>
  </datafield>
  <datafield tag="245" ind1="1" ind2="0">
   <subfield code="a">ANSYS ví dụ thực tế phân tích kết cấu công trình thủy lợi thủy điện</subfield>
   <subfield code="b">= Practiccal applications on structural analysis of hydraulic works and hydropower dams</subfield>
   <subfield code="c">Vũ Hoàng Hưng</subfield>
  </datafield>
  <datafield tag="260" ind1=" " ind2=" ">
   <subfield code="a">H.</subfield>
   <subfield code="b">Xây dựng</subfield>
   <subfield code="c">2018</subfield>
  </datafield>
  <datafield tag="300" ind1=" " ind2=" ">
   <subfield code="a">470 tr.</subfield>
   <subfield code="b">Hình vẽ</subfield>
   <subfield code="c">27cm</subfield>
  </datafield>
  <datafield tag="520" ind1="3" ind2=" ">
   <subfield code="a">Nội dung gồm các bài toán cơ bản thường gập trong tính toán kết cấu công trình nói chung và công trình thủy lợi nói riêng. Sách còn các bài toán chuyên ngành thường gập trong công trình thủy lợi thủy điện lớn.</subfield>
  </datafield>
  <datafield tag="653" ind1=" " ind2=" ">
   <subfield code="a">Kỹ thuật công trình xây dựng</subfield>
  </datafield>
  <datafield tag="942" ind1=" " ind2=" ">
   <subfield code="2">ddc</subfield>
   <subfield code="c">BK</subfield>
  </datafield>
  <datafield tag="952" ind1=" " ind2=" ">
   <subfield code="0">0</subfield>
   <subfield code="1">0</subfield>
   <subfield code="2">ddc</subfield>
   <subfield code="4">0</subfield>
   <subfield code="6">627_028500000000000_H556</subfield>
   <subfield code="7">0</subfield>
   <subfield code="9">16638</subfield>
   <subfield code="a">000001</subfield>
   <subfield code="b">000001</subfield>
   <subfield code="d">2019-04-18</subfield>
   <subfield code="o">627.0285 H556</subfield>
   <subfield code="p">MD.15199</subfield>
   <subfield code="r">2019-04-18</subfield>
   <subfield code="v">235000.00</subfield>
   <subfield code="w">2019-04-18</subfield>
   <subfield code="y">BK</subfield>
  </datafield>
  <datafield tag="952" ind1=" " ind2=" ">
   <subfield code="0">0</subfield>
   <subfield code="1">0</subfield>
   <subfield code="2">ddc</subfield>
   <subfield code="4">0</subfield>
   <subfield code="6">627_028500000000000_H556</subfield>
   <subfield code="7">0</subfield>
   <subfield code="9">16639</subfield>
   <subfield code="a">000001</subfield>
   <subfield code="b">000001</subfield>
   <subfield code="d">2019-04-18</subfield>
   <subfield code="o">627.0285 H556</subfield>
   <subfield code="p">MD.15200</subfield>
   <subfield code="r">2019-04-18</subfield>
   <subfield code="v">235000.00</subfield>
   <subfield code="w">2019-04-18</subfield>
   <subfield code="y">BK</subfield>
  </datafield>
  <datafield tag="980" ind1=" " ind2=" ">
   <subfield code="a">Thư viện Trường Đại học Nam Cần Thơ</subfield>
  </datafield>
 </record>
</collection>
